000 00708nam a2200193Ii 4500
003 JO-AjNU
008 230605s9999||||xx |||||||||||||| ||und||
040 _aJO-AjNU
_bara
_erda
_cJO-AjNU
041 _aara
050 1 4 _aBP173.6.T3275 1985
100 3 _aطبيلة، القطب محمد القطب,
_eauthor
_939635
245 0 0 _aنظام الإدارة في الإسلام : دراسة مقارنة بالنظم المعاصرة
264 3 1 _aالقاهرة: دار الفكر العربي، 1985
300 _a397ص
336 _atext
_btxt
_2rdacontent
337 _aunmediated
_bn
_2rdamedia
338 _avolume
_bnc
_2rdacarrier
650 4 _aالنظام الاداري في الاسلام
_939636
999 _aA16756
_c20324
_d20324